| 000 | 00381nam a22001337a 4500 | ||
|---|---|---|---|
| 008 | 150410b xxu||||| |||| 00| 0 eng d | ||
| 082 |
_a861.985 _bZ 375d |
||
| 100 |
_aZelada Leo _92402 |
||
| 245 |
_aDelirium Tremens _cZelada Leo |
||
| 260 |
_aPeru _bFederacion Grafica del Peru _c1999 |
||
| 300 |
_a63 p. _c20.5 cm |
||
| 650 |
_xLiteratura _xPoesia _zPeru _92403 |
||
| 700 |
_aLeo Zelada _92404 |
||
| 999 |
_c518 _d518 |
||